| Tag |
First Indicator |
Second Indicator |
Subfields |
| LEADER |
00000cam a2200000 4500 |
| 001 |
in00000039446 |
| 005 |
20151007081730.0 |
| 008 |
730227s1960 eng u |
| 010 |
|
|
|a 60000686
|
| 035 |
|
|
|a (OCoLC)00565341
|
| 035 |
|
|
|9 AAF6839AM
|
| 040 |
|
|
|c OUN
|d TXA
|d UtOrBLW
|
| 049 |
|
|
|a TXAM
|c [360499]
|
| 050 |
|
0 |
|a F1565.2.C8
|b K42
|
| 082 |
0 |
|
|a 299.7
|
| 090 |
|
|
|a F1565.2.C8
|b K42 1960
|
| 092 |
|
|
|a 299.7
|b K26s
|
| 100 |
1 |
|
|a Keeler, Clyde E.
|q (Clyde Edgar),
|d 1900-1994.
|
| 245 |
1 |
0 |
|a Secrets of the Cuna earthmother ;
|b a comparitive study of ancient religions.
|
| 250 |
|
|
|a [1st ed.].
|
| 264 |
|
1 |
|a New York :
|b Exposition Press,
|c [1960]
|
| 300 |
|
|
|a 352 pages :
|b illustrations ;
|c 21 cm.
|
| 336 |
|
|
|a text
|b txt
|2 rdacontent
|
| 337 |
|
|
|a unmediated
|b n
|2 rdamedia
|
| 338 |
|
|
|a volume
|b nc
|2 rdacarrier
|
| 490 |
0 |
|
|a An Exposition-University book
|
| 504 |
|
|
|a Includes bibliography.
|
| 650 |
|
0 |
|a Cuna mythology.
|
| 650 |
|
0 |
|a Cuna Indians
|x Religion.
|
| 650 |
|
0 |
|a Religion.
|
| 999 |
|
|
|a MARS
|
| 999 |
f |
f |
|s f4637217-51bc-3316-b3c8-7bbda702ce6f
|i 66013555-eb52-3593-9a68-81fbf54abd20
|t 0
|
| 952 |
f |
f |
|p normal
|a Texas A&M University
|b College Station
|c Sterling C. Evans Library
|d Evans: Library Stacks
|t 0
|e F1565.2.C8 K42 1960
|h Library of Congress classification
|i unmediated -- volume
|m A14800631426
|
| 998 |
f |
f |
|a F1565.2.C8 K42 1960
|t 0
|l Evans: Library Stacks
|